Strojové videnie pre kontrolu kvality

Guardado en:
Detalles Bibliográficos
Autor principal: Zicháček, Alexander (Autor)
Otros Autores: Haffner, Oto (Orientador)
Formato: Manuscrito Libro
Lenguaje:eslovaco
Publicado: 2025
Materias:
Acceso en línea:http://is.stuba.sk/zp/portal_zp.pl?podrobnosti=185741
Etiquetas: Agregar Etiqueta
Sin Etiquetas, Sea el primero en etiquetar este registro!

MARC

LEADER 00000ntm a22000003a 4500
001 stuzp103917
003 SK-STU
005 20250614212353.4
007 ta
008 150427s2015----xo-----f-mn---000-0-slo-d
040 |a STU  |b slo 
041 0 |a slo 
100 1 |a Zicháček, Alexander  |u 030400  |4 aut  |U FEI Fakulta elektrotechniky a informatiky  |T FEI Ústav automobilovej mechatroniky  |X 103187  |U E400  |Y 642  |7 103187 
242 0 1 |a Machine vision for quality control  |y eng 
245 1 0 |a Strojové videnie pre kontrolu kvality 
260 |c 2025 
650 4 |a Industry 4.0  |2 eng 
650 4 |a edge computing  |2 eng 
650 4 |a Coral Dev Board  |2 eng 
650 4 |a MobileNetV2  |2 eng 
650 4 |a convolutional neural network  |2 eng 
650 4 |a machine vision  |2 eng 
650 4 |a quality control  |2 eng 
650 4 |a Priemysel 4.0  |2 slo 
650 4 |a edge computing  |2 slo 
650 4 |a Coral Dev Board  |2 slo 
650 4 |a MobileNetV2  |2 slo 
650 4 |a konvolučná neurónová sieť  |2 slo 
650 4 |a strojové videnie  |2 slo 
650 4 |a kontrola kvality  |2 slo 
700 1 |a Haffner, Oto  |u 030400  |k Z1  |4 ths  |U FEI Fakulta elektrotechniky a informatiky  |T FEI Ústav automobilovej mechatroniky  |X 56107  |U E400  |Y 642  |7 A000056107 
856 4 |u http://is.stuba.sk/zp/portal_zp.pl?podrobnosti=185741